[Event "Murder By Numbers"]
[Site "http://www.queenalice.com/game.php?id=850160"]
[Date "2010.10.24"]
[Round "-"]
[White "chuckvondra"]
[Black "decimator"]
[Result "1-0"]
[WhiteElo "2120"]
[BlackElo "2337"]

1. e4 e5 2. Nf3 Nc6 3. Bb5 a6 4. Ba4 b5 5. Bb3 Nf6 6. d3 Bc5 7. c3 O-O 8. Bg5 d6
9. h3 Qe7 10. O-O Nd8 11. d4 exd4 12. cxd4 Bb6 13. Re1 Bb7 14. e5 dxe5 15. dxe5
Bxf2+ 16. Kxf2 Qc5+ 17. Kf1 Nh5 18. Qd4 Qxd4 19. Nxd4 c5 20. Nf5 Ne6 21. Be7
Rfe8 22. Bd6 c4 23. Bc2 Rad8 24. Nc3 Nef4 25. g4 g6 26. gxh5 gxf5 27. Bxf5 Nxh5
28. Kf2 Ng7 29. Be4 Bxe4 30. Nxe4 Re6 31. Rg1 Rg6 32. Rad1 Ne6 33. Rxg6+ hxg6
34. Ke3 Kh7 35. Nf6+ Kg7 36. h4 Kh6 37. Rc1 Ng7 38. Kd4 Rc8 39. Kc3 a5 40. a3
Nf5 41. Rh1 Rd8 42. Ne4 f6 43. Rh3 fxe5 44. Bxe5 Re8 45. Bf4+ Kg7 46. Nd6 Nxd6
47. Bxd6 Re2 48. Rh2 Re3+ 49. Kd4 Rf3 50. Bc7 a4 51. Kc5 Rf5+ 52. Kb4 Kh6 53.
Bd8 Kh5 54. Rd2 Kh6 55. Rd6 Kg7 56. Rb6 Rf2 57. Rxb5 Rxb2+ 58. Kxc4 1-0

[Event "Challenge #29"]
[Site "http://www.queenalice.com/game.php?id=859447"]
[Date "2010.11.16"]
[Round "-"]
[White "Aylton"]
[Black "decimator"]
[Result "0-1"]
[WhiteElo "2112"]
[BlackElo "2316"]

1. d4 d5 2. Nf3 Nf6 3. e3 Bg4 4. h3 Bh5 5. c4 e6 6. Nc3 c6 7. a3 Be7 8. cxd5
cxd5 9. Bb5+ Nfd7 10. O-O O-O 11. Bd2 a6 12. Ba4 b5 13. Bc2 Nc6 14. g4 Bg6 15.
Bxg6 fxg6 16. Kg2 Rc8 17. Rc1 Nb6 18. Be1 Nc4 19. Qe2 e5 20. dxe5 N6xe5 21. Nxe5
Nxe5 22. f4 Nc4 23. Bf2 Bf6 24. Rfd1 Bxc3 25. Rxc3 Qe7 26. Kh2 Rxf4 27. Rxd5
Rcf8 28. Bg3 Rf1 29. e4 Qa7 30. Qg2 Ne3 31. Rxe3 Qxe3 32. Rd2 R1f3 33. Re2 Qd3
34. Rd2 Qxe4 35. Re2 Qc4 36. Rc2 Rxg3 37. Kxg3 Qf4+ 38. Kh4 g5+ 39. Kh5 Qf7+ 40.
Kxg5 Qf6+ 41. Kh5 Qh6# 0-1

[Event "Challenge #30"]
[Site "http://www.queenalice.com/game.php?id=859448"]
[Date "2010.11.16"]
[Round "-"]
[White "decimator"]
[Black "Aylton"]
[Result "0-1"]
[WhiteElo "2318"]
[BlackElo "2112"]

1. d4 d5 2. c4 e6 3. c5 b6 4. b4 a5 5. Bf4 axb4 6. cxb6 cxb6 7. e3 Nc6 8. Bb5
Bd7 9. Nf3 Nf6 10. Nbd2 Be7 11. Ne5 Nxe5 12. Be2 Ng6 13. Bg3 O-O 14. O-O Ne4 15.
Nxe4 dxe4 16. Bc4 b5 17. Bb3 Bc6 18. Qc2 Qb6 19. Rac1 Rfc8 20. Rfe1 Bb7 21. Qd2
Rxc1 22. Rxc1 Rc8 23. Rxc8+ Bxc8 24. d5 e5 25. h4 Bd6 26. h5 Ne7 27. Qc2 Bf5 28.
h6 gxh6 29. Bh4 Kg7 30. Bxe7 Bxe7 31. Kh2 Bg6 32. Qc8 Bd6 33. Qd7 h5 34. Kg1 Kh6
35. Qc8 f5 36. Kf1 f4 37. Ke2 fxe3 38. fxe3 Qc5 39. Qxc5 Bxc5 40. Kf2 Kg5 41.
Bc2 Kf5 42. Ke2 Bf7 43. Bb3 Bd6 44. Kf2 h4 45. Kg1 Bc5 46. Kf2 Bh5 47. Bc2 Bg4
48. Bb3 Kg5 49. Bc2 Bf5 50. Bd1 Kf6 51. Be2 Bd7 52. Bd1 Ke7 53. Bc2 Bf5 54. Bd1
Kd6 55. Bb3 Bg6 56. Ke2 Bf7 57. Kd2 Bxd5 58. Bxd5 Kxd5 0-1

[Event "Challenge"]
[Site "http://www.queenalice.com/game.php?id=861631"]
[Date "2010.11.21"]
[Round "-"]
[White "dnptrs"]
[Black "decimator"]
[Result "0-1"]
[WhiteElo "2232"]
[BlackElo "2306"]

1. d4 d5 2. Nf3 Bg4 3. e3 e6 4. Nbd2 Bb4 5. c4 Nf6 6. Qa4+ Nc6 7. a3 Bxd2+ 8.
Nxd2 O-O 9. Bd3 dxc4 10. Bxc4 a6 11. Qc2 Bf5 12. Bd3 Bxd3 13. Qxd3 Qd5 14. O-O
e5 15. Nb3 Rfe8 16. Rd1 Rad8 17. Qc2 e4 18. Qc5 Qxb3 0-1

[Event "Challenge"]
[Site "http://www.queenalice.com/game.php?id=861632"]
[Date "2010.11.21"]
[Round "-"]
[White "decimator"]
[Black "dnptrs"]
[Result "1-0"]
[WhiteElo "2322"]
[BlackElo "2208"]

1. d4 Nf6 2. c4 e6 3. Bg5 h6 4. Bh4 Be7 5. Nf3 c5 6. dxc5 Qc7 7. Nc3 Qxc5 8. e3
b6 9. Bd3 Bb7 10. O-O Na6 11. a3 Ng4 12. Bxe7 Kxe7 13. b4 Qh5 14. Be4 Rhb8 15.
Bxb7 Rxb7 16. Ne4 d5 17. cxd5 Qxd5 18. Ned2 Rd8 19. Nd4 h5 20. h3 Nf6 21. Rc1
Nb8 22. f4 Rdd7 23. N2f3 Rdc7 24. Qe2 Ne4 25. Kh2 Nd7 26. Nb5 Rxc1 27. Rxc1 a6
28. Nbd4 b5 29. Nc6+ Kf8 30. Na5 Rb6 31. Rd1 1-0

[Event "Challenge 01"]
[Site "http://www.queenalice.com/game.php?id=883122"]
[Date "2011.1.8"]
[Round "-"]
[White "anmarton"]
[Black "decimator"]
[Result "0-1"]
[WhiteElo "2185"]
[BlackElo "2315"]

1. Nf3 d5 2. b3 c5 3. Bb2 Nf6 4. e3 Bg4 5. Be2 Nc6 6. Ne5 Bxe2 7. Qxe2 Nxe5 8.
Bxe5 e6 9. f4 a6 10. O-O Bd6 11. Bb2 O-O 12. g4 d4 13. g5 Nd5 14. c4 dxc3 15.
Nxc3 Nxc3 16. Bxc3 b5 17. Qh5 Bc7 18. Rf3 Qd3 19. f5 exf5 20. Raf1 Rad8 21. a3
a5 22. b4 cxb4 23. axb4 axb4 24. Bxb4 Rfe8 25. Qh3 f4 26. exf4 Qd4+ 0-1

[Event "Challenge"]
[Site "http://www.queenalice.com/game.php?id=883165"]
[Date "2011.1.8"]
[Round "-"]
[White "decimator"]
[Black "anmarton"]
[Result "1-0"]
[WhiteElo "2356"]
[BlackElo "2173"]

1. d4 d5 2. c4 c6 3. c5 Nd7 4. b4 e5 5. e3 Ngf6 6. Nc3 Be7 7. Bd3 e4 8. Bc2 O-O
9. Nge2 h6 10. O-O Nh7 11. Ng3 f5 12. f3 Ndf6 13. Bb2 Qe8 14. fxe4 Nxe4 15.
Ncxe4 fxe4 16. Qd2 Bd7 17. Rxf8+ Nxf8 18. Rf1 Qg6 19. b5 cxb5 20. Bb3 Bc6 21.
Rf5 Rd8 22. Re5 Bf6 23. Rxe4 Kh8 24. Rf4 Bg5 25. Bc2 Qe6 26. Rf3 Re8 27. Nf5 Ng6
28. Qd3 Rf8 29. h4 Bd8 30. h5 Be8 31. hxg6 Bxg6 32. e4 dxe4 33. Qxe4 Qxa2 34.
Ne7 Bxe4 35. Rxf8+ Kh7 36. Bxe4+ g6 37. d5 Qxb2 38. Bxg6+ Kg7 39. Rf7+ 1-0

[Event "Studebaker Hoch"]
[Site "http://www.queenalice.com/game.php?id=887910"]
[Date "2011.1.18"]
[Round "-"]
[White "decimator"]
[Black "chuckvondra"]
[Result "1-0"]
[WhiteElo "2329"]
[BlackElo "2122"]

1. d4 Nf6 2. c4 c5 3. d5 d6 4. Nf3 g6 5. Nc3 Bg7 6. e4 Bg4 7. Be2 O-O 8. O-O
Nbd7 9. h3 Bxf3 10. Bxf3 Ne5 11. b3 e6 12. Re1 Re8 13. Bg5 a6 14. a4 Qc7 15.
Bxf6 Bxf6 16. Qe2 Qa5 17. Rac1 Nd7 18. Qc2 Bxc3 19. Qxc3 Qxc3 20. Rxc3 exd5 21.
cxd5 f5 22. a5 Ne5 23. Bd1 Nf7 24. f4 fxe4 25. Rce3 Nh6 26. Rxe4 Rxe4 27. Rxe4
Nf5 28. g4 Nd4 29. Re7 Rb8 30. Kf2 b6 31. Ra7 Rf8 32. axb6 1-0

[Event "Dong Work For Yuda"]
[Site "http://www.queenalice.com/game.php?id=887911"]
[Date "2011.1.18"]
[Round "-"]
[White "chuckvondra"]
[Black "decimator"]
[Result "0-1"]
[WhiteElo "2117"]
[BlackElo "2323"]

1. e4 e5 2. Nf3 Nc6 3. Bb5 a6 4. Ba4 b5 5. Bb3 Bc5 6. O-O Nd4 7. Nxe5 Nxb3 8.
axb3 d6 9. Nd3 Bd4 10. c3 Be5 11. Nxe5 dxe5 12. d3 h6 13. Be3 Ne7 14. b4 O-O 15.
Qc2 Ng6 16. Nd2 c6 17. Rfe1 f5 18. Qb3+ Kh7 19. Qc2 f4 20. Bc5 Rf7 21. h3 Nh4
22. Kh2 Qg5 23. Rg1 f3 24. g3 Ng6 25. Qd1 Bxh3 26. Nxf3 Rxf3 27. Qxf3 Bg4 28.
Kg2 Bxf3+ 29. Kxf3 Qd2 30. Rh1 Qxd3+ 31. Kg2 Qxe4+ 0-1

[Event "Challenge #31"]
[Site "http://www.queenalice.com/game.php?id=890341"]
[Date "2011.1.24"]
[Round "-"]
[White "Aylton"]
[Black "decimator"]
[Result "0-1"]
[WhiteElo "1994"]
[BlackElo "2335"]

1. d4 d5 2. Nf3 c5 3. e3 c4 4. b3 b5 5. a4 bxa4 6. bxc4 e6 7. Rxa4 Bd7 8. Ra1
Bb4+ 9. c3 Bd6 10. cxd5 exd5 11. Be2 Nf6 12. O-O O-O 13. Qb3 Nc6 14. Nbd2 Rb8
15. Qa2 Be6 16. Ba3 Bxa3 17. Qxa3 Qd7 18. Rfb1 Rxb1+ 19. Rxb1 Qc7 20. h3 a5 21.
Bb5 Ne7 22. Ra1 Ra8 23. Ne5 Ng6 24. Nxg6 hxg6 25. Bf1 g5 26. Rc1 g4 27. hxg4
Nxg4 28. g3 Nxe3 29. fxe3 Qxg3+ 30. Bg2 Bh3 31. Kf1 Qxg2+ 32. Ke1 Bg4 0-1

[Event "Challenge #32"]
[Site "http://www.queenalice.com/game.php?id=890342"]
[Date "2011.1.24"]
[Round "-"]
[White "decimator"]
[Black "Aylton"]
[Result "1-0"]
[WhiteElo "2337"]
[BlackElo "1981"]

1. d4 Nf6 2. c4 e6 3. Nf3 d5 4. c5 b6 5. cxb6 axb6 6. a3 c5 7. Nc3 Nc6 8. b4
cxb4 9. Nb5 bxa3 10. e3 Bb7 11. Bxa3 Bxa3 12. Nxa3 O-O 13. Qb3 Nd7 14. Bb5 Qc7
15. O-O f6 16. Bxc6 Bxc6 17. Qb4 Rfe8 18. Rac1 Qb7 19. Nb5 Bxb5 20. Qxb5 Ra5 21.
Qb4 Kf7 22. Ne1 Rc8 23. Nd3 Rxc1 24. Rxc1 Qa6 25. Qd6 Nf8 26. Rc7+ Kg8 27. h3
Qxd3 28. Rc8 Ra1+ 29. Kh2 h6 30. Qxe6+ Kh7 31. Rxf8 Ra2 32. Qe8 1-0

[Event "Challenge"]
[Site "http://www.queenalice.com/game.php?id=898793"]
[Date "2011.2.11"]
[Round "-"]
[White "decimator"]
[Black "Gabrisco"]
[Result "0-1"]
[WhiteElo "2361"]
[BlackElo "2139"]

1. d4 Nf6 2. c4 c5 3. d5 d6 4. Nc3 Bf5 5. Bg5 Qb6 6. b3 Nbd7 7. e3 Ne4 8. Nxe4
Bxe4 9. f3 h6 10. Bh4 g5 11. Bf2 Bg6 12. Qd2 Bg7 13. Rc1 a5 14. Bd3 Bxd3 15.
Qxd3 a4 16. Ne2 axb3 17. axb3 Ra3 18. O-O Qxb3 19. Qf5 Qd3 20. Ng3 Qxf5 21. Nxf5
Bf6 22. Rb1 b6 23. e4 Kd8 24. Rfd1 Kc7 25. Rbc1 Ra2 26. Kf1 Ne5 27. Bg3 h5 28.
Bxe5 Bxe5 29. Nxe7 Rha8 30. Re1 R8a4 31. h3 Bf4 32. Rb1 Rxc4 33. Re2 Rxe2 34.
Kxe2 Rc2+ 35. Kf1 c4 36. Nf5 Rd2 37. g3 Be5 38. Ne3 Bd4 39. Nxc4 Rf2+ 40. Ke1
Rxf3 41. Ke2 Rc3 42. Nd2 Re3+ 43. Kf1 Rxg3 44. Rb3 Rxb3 45. Nxb3 Be5 46. Kg2 b5
47. Kf2 Kb6 48. Ke2 b4 49. Kd3 Kb5 50. Nd2 g4 51. hxg4 hxg4 52. Nb3 g3 53. Ke2
Ka4 54. Nd2 b3 55. Kf3 b2 56. Ke2 Kb4 0-1

[Event "Vampire Weekend"]
[Site "http://www.queenalice.com/game.php?id=903592"]
[Date "2011.2.21"]
[Round "-"]
[White "decimator"]
[Black "rotwein"]
[Result "1-0"]
[WhiteElo "2338"]
[BlackElo "2242"]

1. d4 Nf6 2. c4 e5 3. dxe5 Ng4 4. Nf3 Nc6 5. Bf4 Bb4+ 6. Nc3 Qe7 7. Qb3 Na5 8.
Qc2 Nxc4 9. a3 Bc5 10. Ne4 b5 11. Nxc5 Qxc5 12. e3 Qb6 13. h3 Nh6 14. Bxc4 bxc4
15. Bxh6 gxh6 16. O-O Ba6 17. Rfd1 O-O-O 18. Qc3 Rhg8 19. Rd4 Qc6 20. Rf4 Rdf8
21. Rf6 Qb7 22. Qd4 Rg6 23. Rd1 Bb5 24. e6 dxe6 25. Rxf7 Rfg8 26. g4 h5 27. Ne5
1-0

[Event "Contra"]
[Site "http://www.queenalice.com/game.php?id=903594"]
[Date "2011.2.21"]
[Round "-"]
[White "rotwein"]
[Black "decimator"]
[Result "0-1"]
[WhiteElo "2233"]
[BlackElo "2347"]

1. d4 d5 2. c4 Nf6 3. cxd5 Nxd5 4. e4 Nf6 5. Nc3 e6 6. Bg5 Be7 7. Nf3 O-O 8. Bc4
Nfd7 9. Bxe7 Qxe7 10. O-O a6 11. Bb3 b5 12. Rc1 Bb7 13. Re1 Nf6 14. e5 Nfd7 15.
Ne4 Nc6 16. Nc5 Nxc5 17. Rxc5 Na5 18. Bc2 Rad8 19. Qd3 g6 20. Qc3 Bxf3 21. gxf3
Nc4 22. b3 Nb6 23. Rxc7 Qg5+ 0-1

[Event "Strictly Genteel"]
[Site "http://www.queenalice.com/game.php?id=908319"]
[Date "2011.3.4"]
[Round "-"]
[White "chuckvondra"]
[Black "decimator"]
[Result "0-1"]
[WhiteElo "2048"]
[BlackElo "2341"]

1. e4 e5 2. Nf3 Nc6 3. Bb5 d6 4. O-O Bd7 5. c3 Nf6 6. Re1 Be7 7. d4 exd4 8. cxd4
a6 9. Ba4 b5 10. Bc2 O-O 11. h3 d5 12. e5 Ne4 13. Bxe4 dxe4 14. Rxe4 Bf5 15. Re1
Qd5 16. Nc3 Qc4 17. a3 b4 18. Ne4 Rfd8 19. b3 Qd5 20. Ng3 Be6 21. a4 Nxd4 22.
Qxd4 Qxd4 23. Nxd4 Rxd4 24. Rb1 Rad8 25. Bb2 Rd3 26. Ba1 c5 27. Nh5 Rxb3 28.
Rxb3 Bxb3 29. e6 f6 30. g4 c4 31. g5 c3 32. gxf6 gxf6 33. a5 Rd5 34. Nxf6+ Bxf6
35. e7 Rg5+ 0-1

[Event "Mystery Roach"]
[Site "http://www.queenalice.com/game.php?id=910171"]
[Date "2011.3.8"]
[Round "-"]
[White "decimator"]
[Black "chuckvondra"]
[Result "1/2-1/2"]
[WhiteElo "2293"]
[BlackElo "2058"]

1. d4 Nf6 2. c4 e6 3. Bg5 d5 4. c5 b6 5. b4 a5 6. e3 axb4 7. Qc2 bxc5 8. dxc5 c6
9. Nd2 Ba6 10. Bxa6 Nxa6 11. Nb3 Be7 12. Nf3 Ne4 13. Bxe7 Qxe7 14. Nfd4 Qc7 15.
O-O O-O 16. Rac1 Rfc8 17. f3 Nf6 18. Qd2 Qe7 19. Na5 Qd7 20. Qb2 Rc7 21. Rfe1
Qc8 22. e4 Nd7 23. exd5 cxd5 24. c6 Ndc5 25. Qd2 Qf8 26. Re3 Rb8 27. Qe2 Re7 28.
Nab3 Rc7 29. Nxc5 Nxc5 30. Qc2 Na6 31. Qe2 Nc5 32. f4 Ne4 33. Rxe4 dxe4 34. Nb5
Rbc8 35. Nxc7 Rxc7 36. Qxe4 Qd6 37. h3 g6 38. Rc4 Kf8 39. Qc2 h5 1/2-1/2

[Event "Mansard Roof"]
[Site "http://www.queenalice.com/game.php?id=912782"]
[Date "2011.3.15"]
[Round "-"]
[White "cazzo"]
[Black "decimator"]
[Result "1-0"]
[WhiteElo "2506"]
[BlackElo "2363"]

1. d4 d5 2. c4 dxc4 3. e3 b5 4. a4 Nf6 5. axb5 e6 6. Nf3 Bb7 7. Nc3 Nbd7 8. Bxc4
Nb6 9. Be2 Bd6 10. O-O O-O 11. Qc2 Nfd5 12. Nxd5 Bxd5 13. e4 Bb7 14. Bd2 Qd7 15.
Bd3 f5 16. Rfe1 fxe4 17. Bxe4 Bxe4 18. Qxe4 Rf6 19. Ng5 Rh6 20. h4 Nd5 21. Nxe6
Rf6 22. Ra6 h6 23. g3 Bf8 24. Nc5 Qd8 25. Rxf6 Nxf6 26. Qe6+ Kh8 27. Qc6 Bd6 28.
Ne6 Qc8 29. Bxh6 gxh6 30. Nxc7 Qxc7 31. Qxa8+ Qb8 32. Qxb8+ Bxb8 33. Re7 Kg8 34.
Rb7 Bd6 35. Rxa7 Kf8 36. b6 h5 37. Kg2 Ke8 38. Ra8+ Kf7 39. b7 Nd7 40. Rh8 Nb8
41. Rxh5 Nd7 42. Rh7+ Ke8 43. Rh8+ Ke7 44. h5 1-0

[Event "Oxford Comma"]
[Site "http://www.queenalice.com/game.php?id=912783"]
[Date "2011.3.15"]
[Round "-"]
[White "decimator"]
[Black "cazzo"]
[Result "0-1"]
[WhiteElo "2342"]
[BlackElo "2500"]

1. d4 Nf6 2. c4 e6 3. Nc3 Bb4 4. a3 Bxc3+ 5. bxc3 b6 6. Bg5 Bb7 7. Nf3 h6 8. Bh4
d6 9. e3 Nbd7 10. Be2 g5 11. Bg3 h5 12. Nxg5 h4 13. Bf4 e5 14. O-O exf4 15. exf4
Qe7 16. Re1 O-O-O 17. Bf3 Qf8 18. a4 a5 19. Bxb7+ Kxb7 20. Qf3+ Kb8 21. Qc6 Re8
22. h3 Qg7 23. Reb1 Qg6 24. c5 dxc5 25. d5 Qd3 26. Rd1 Qa6 27. Nxf7 Rhg8 28. Ng5
Qb7 29. c4 Qxc6 30. dxc6 Nf8 31. Re1 Rd8 32. Rad1 Rxd1 33. Rxd1 Ng6 34. g3 Kc8
35. Kg2 Re8 36. Nf3 Re2 37. Kf1 Re4 38. Re1 hxg3 39. fxg3 Ne7 40. Rxe4 Nxe4 41.
g4 Nxc6 42. h4 Nf6 43. g5 Nh5 44. Kf2 Nxf4 45. Nd2 Ne6 46. Kf3 Kd7 47. Kg4 Kd6
48. Kf5 Ke7 49. h5 Ncd4+ 50. Kg4 Kf7 51. Ne4 Nc2 52. g6+ Kg7 53. Kf5 Ncd4+ 54.
Ke5 Kh6 55. Nf6 Ng7 56. Nd5 Ne2 57. Nxc7 Nc3 58. Kd6 Nxa4 59. Nd5 Nb2 60. Nxb6
a4 61. Nd5 a3 0-1

[Event "Walcott"]
[Site "http://www.queenalice.com/game.php?id=921016"]
[Date "2011.4.3"]
[Round "-"]
[White "decimator"]
[Black "dnptrs"]
[Result "1-0"]
[WhiteElo "2335"]
[BlackElo "2129"]

1. d4 Nf6 2. c4 e6 3. Nf3 c5 4. Bg5 Qb6 5. b3 cxd4 6. Bxf6 Bb4+ 7. Nbd2 gxf6 8.
a3 Be7 9. b4 e5 10. c5 Qc7 11. e3 dxe3 12. fxe3 d5 13. e4 Be6 14. exd5 Bxd5 15.
Bc4 Bxc4 16. Nxc4 Nd7 17. Ne3 Rd8 18. Qc2 b6 19. c6 Nf8 20. b5 Ne6 21. Rd1 Nd4
22. Nxd4 exd4 23. Nc4 a6 24. a4 Bc5 25. Rd3 axb5 26. axb5 Bb4+ 27. Kf2 Qf4+ 28.
Rf3 d3 29. Rxf4 dxc2 30. Re4+ Kf8 31. Rc1 Kg7 32. Rxc2 Rd5 33. Ke2 Rxb5 34. Rb2
f5 35. Rd4 Bc5 36. Rxb5 Bxd4 37. c7 Bc5 38. Rxb6 1-0

[Event "I Stand Corrected"]
[Site "http://www.queenalice.com/game.php?id=921017"]
[Date "2011.4.3"]
[Round "-"]
[White "dnptrs"]
[Black "decimator"]
[Result "0-1"]
[WhiteElo "2170"]
[BlackElo "2355"]

1. d4 d5 2. Nf3 Nf6 3. Bg5 e6 4. g3 Be7 5. Bg2 O-O 6. O-O c5 7. b3 Nc6 8. c4
dxc4 9. e3 h6 10. Bf4 cxd4 11. Nxd4 cxb3 12. axb3 Nxd4 13. exd4 Nd5 14. Bc1 Bd7
15. Qd3 Nb4 16. Qd2 Qb6 17. Bb2 Bc6 18. Rd1 Bxg2 19. Kxg2 Nd5 20. Qd3 a5 21. Na3
a4 22. Nc4 Qxb3 23. Qxb3 axb3 24. Rxa8 Rxa8 25. Rd3 Rc8 26. Na3 Bxa3 27. Bxa3
Rc3 28. Rxc3 Nxc3 0-1

[Event "Challenge"]
[Site "http://www.queenalice.com/game.php?id=1304352"]
[Date "2014.8.27"]
[Round "-"]
[White "chuckvondra"]
[Black "decimator"]
[Result "1-0"]
[WhiteElo "2026"]
[BlackElo "2286"]

1. e4 e5 2. Nf3 Nc6 3. Bb5 a6 4. Ba4 Nf6 5. d3 Bb4+ 6. c3 Ba5 7. O-O O-O 8. Bg5
b5 9. Bc2 d6 10. h3 h6 11. Be3 Ne7 12. Nbd2 Ng6 13. d4 c6 14. dxe5 dxe5 15. Bc5
Re8 16. Nb3 Bc7 17. Qe2 Nf4 18. Qe3 a5 19. Rad1 Bd7 20. Bd6 Bxd6 21. Rxd6 Re6
22. Rfd1 Rxd6 23. Rxd6 Qc7 24. Qd2 Ne6 25. Nxe5 Rd8 26. Nxd7 Nxd7 27. f4 Qb6+
28. Kh1 Nef8 29. e5 1-0